| 000 | 00598nam a22001697a 4500 | ||
|---|---|---|---|
| 999 |
_c60791 _d60791 |
||
| 005 | 20231023115809.0 | ||
| 008 | 231023s1973 ru ||||| |||| 00| 0 rus d | ||
| 041 | _arus | ||
| 080 | _a72+7.03 K-68 | ||
| 100 |
_aКоровина A. К. _920179 |
||
| 245 |
_aГорода Кипра / _cА. К. КОРОВИНА, Η. А.СИДОРОВА. |
||
| 264 |
_aМосква: _bИскусство, _c1973. |
||
| 300 |
_a214 стр.: _bил.; _c16 см. |
||
| 653 | _aკვიპროსის ქალაქები | ||
| 700 |
_aСИДОРОВА, Η. А. _eავტორი _920180 |
||
| 942 |
_2udc _cBK |
||